000
00285nam a22001337a 4500
008
170313b xxu||||| |||| 00| 0 eng d
020
_a
0120445638
041
_a
eng
080
_2
3ED
_a
591
100
_a
7
101
_a
SHM
245
_a
PLANT PATHALOGY
_c
AGRIOS.G.N
942
_2
udc
_c
BK
999
_c
7712
_d
7712